| 000 | 01268 a2200229 4500 | ||
|---|---|---|---|
| 001 | 15170 | ||
| 005 | 20260407155449.0 | ||
| 008 | 260407a1990 arg spa d | ||
| 003 | AR-UNSa-BCEJYS | ||
| 040 |
_aAR-UNSa-BCEJYS _bspa _cAR-UNSa-BCEJYS |
||
| 080 |
_a658.011.56 _xAutomatización |
||
| 245 | 1 | 0 |
_aLa informática en la gerencia _puna inversión estratégica y productiva |
| 020 | _a958-9042-89-2 | ||
| 264 | 1 |
_aBogotá : _bLegis _c1990 |
|
| 300 |
_axii, 389 p. _c23 cm. |
||
| 505 | _a1. Sistemas de información, productividad y éxito - 2. ¿Qué es el valor agregado? - 3. Venta - 4. Mercadeo - 5. Operaciones - 6. Manejo de personal - 7. Finanzas - 8. Llevar productos nuevos al mercado - 9. Ganar negociaciones - 10. Uso ejecutivo de las herramientas de información - 11. Reuniones con apoyo electrónico - 12. Planeación de sistemas estratégicos - 13. Evaluación de necesidades de valor agregado - 14. Evaluación de beneficios de valor agregado - 15. Adoptar la perspectiva de valor agregado | ||
| 942 | _cBK | ||
| 590 | _aniveau_biblio:m niveau_hierar:0 | ||
| 100 | 1 | _aBoone, Mary E. | |
| 700 | 1 | _aMeyer, N. Dean | |
| 856 | 4 | 1 |
_uhttps://biblioeco.unsa.edu.ar/pmb/images/libros/La Informatica en la Gerencia-l119006.jpg _yImagen de portada _qimage/jpeg |
| 999 |
_c618 _d618 |
||